000 00577cam a2200205 4500
001 J106586
008 000000n2000 000 0 eng u
035 _a(Sirsi) u106586
050 _a336.21
110 _aRoyal Institution of Chartered Surveyors
_94900
245 _aReview of the revaluation of non-domestic rates
260 _aLondon
_bRICS
_c2000
300 _a22p. ; 30cm.
490 _aRICS Policy Unit Submission
650 _aNON-DOMESTIC RATES
650 _aBUSINESS RATES
650 _aBAYLISS REPORT
690 _aRATING AND LOCAL TAXATION
942 _n0
999 _c100587
_d100587